|
|
|
|
| LEADER |
00000nam0a2200000 4500 |
| 001 |
57211 |
| 005 |
20231031054125.0 |
| 010 |
|
|
|a 5241000232
|
| 035 |
|
|
|a (RuTPU)RU\TPU\book\60346
|
| 090 |
|
|
|a 57211
|
| 100 |
|
|
|a 20031024d2003 m y0rusy50 ca
|
| 101 |
0 |
|
|a rus
|
| 102 |
|
|
|a RU
|
| 105 |
|
|
|a a j 001zy
|
| 200 |
1 |
|
|a Русский язык: культура речи, текст, функциональные стили, редактирование
|e учебное пособие
|f Л. А. Введенская, А. М. Пономарева
|
| 205 |
|
|
|a 3-е изд.
|
| 210 |
|
|
|a Москва
|a Ростов-на-Дону
|c МарТ
|d 2003
|
| 215 |
|
|
|a 348 с.
|c ил.
|
| 320 |
|
|
|a Словарь: с. 332-340
|
| 451 |
|
1 |
|0 (RuTPU)RU\TPU\book\39838
|y 5-241-00023-2
|t Русский язык: культура речи, текст, функциональные стили,редактирование
|o учебное пособие для 9-11 классов
|f Л. А. Введенская, А. М. Пономарева
|e 4-е изд., перераб. и доп.
|c Ростов-на-Дону
|n МарТ
|d 2001
|p 352 с.
|a Введенская, Людмила Алексеевна
|
| 451 |
|
1 |
|0 (RuTPU)RU\TPU\book\117258
|y 5-241-00023-2
|t Русский язык: культура речи, текст, функциональные стили, редактирование
|o учебное пособие
|f Л. А. Введенская, А. М. Пономарева
|c М.
|c Ростов-на-Дону
|n МарТ
|d 2005
|p 384 с.
|a Введенская, Людмила Алексеевна
|
| 610 |
1 |
|
|a русский язык
|
| 610 |
1 |
|
|a культура речи
|
| 610 |
1 |
|
|a стили
|
| 610 |
1 |
|
|a стилистика
|
| 610 |
1 |
|
|a речь
|
| 610 |
1 |
|
|a язык
|
| 610 |
1 |
|
|a текст
|
| 610 |
1 |
|
|a редактирование
|
| 610 |
1 |
|
|a функциональные стили
|
| 610 |
1 |
|
|a учебные пособия
|
| 686 |
|
|
|a Ш141.2-923.7
|v LBC/SL-A
|2 rubbk
|
| 700 |
|
1 |
|a Введенская
|b Л. А.
|g Людмила Алексеевна
|
| 701 |
|
1 |
|a Пономарева
|b А. М.
|g Александра Михайловна
|
| 801 |
|
1 |
|a RU
|b 63413507
|c 20031024
|g PSBO
|
| 801 |
|
2 |
|a RU
|b 63413507
|c 20170324
|g PSBO
|
| 900 |
|
|
|a Культура речи (фак)
|
| 900 |
|
|
|a Русский язык
|
| 942 |
|
|
|c BK
|
| 952 |
|
|
|a 540500
|b 031000
|